LDR 01478nam a2200253 4500 001 000000367050 003 CaOOAMICUS 005 20260327151600.0 008 260327s2011 sp 000 u spa r 040 $aSeMil$bita 245 10$aSan Juan de Ávila Sacerdote y Maestro de espíritu : $bpensamientos y sentencias propios para encender las almas en el amor de Dios /$ctextos seleccionados por la M. Magdalena de la Eucaristía, carmelita descalza, para uso de la Madre Maravillas ; prólogo de Mons. Juan José Asenjo, Arzobispo Coadjutor de Sevilla. 250 $a2 edición 264 1$aMadrid :$bEdibesa,$c2011. 300 $a2 v. ;$c21 cm 490 1 $aGrandes firmas Edibesa 650 4$aGiovanni : d'Avila
- Opere.$0(OLS)http://semarc/subject/57098 700 1 $aAsenjo Pelegrina, Juan José$b
.$0(OLS)http://semarc/name/124032 700 0 $aÁvila, Juan : de,$c
.$0(OLS)http://semarc/name/78642 700 10$aMagdalena de la Eucaristía$b
.$0(OLS)http://semarc/name/124033 774 0 $tTom. 1.$kGrandes firmas Edibesa$w()367064 830 0$aGrandes firmas Edibesa.$0(OLS)http://semarc/title/458875 996 $6245$aSan Juan de Ávila Sacerdote y Maestro de espíritu : $bpensamientos y sentencias propios para encender las almas en el amor de Dios$9(OLS)http://semarc/title/458872 996 $6264$aMadrid :$bEdibesa$9(OLS)http://semarc/publisher/31820